Derecho civil / Lois Josserand (Registro nro. 12351)

Detalles MARC
000 -LEADER
fixed length control field 00450nam a22001811a 4500
001 - CONTROL NUMBER
control field 12351
003 - CONTROL NUMBER IDENTIFIER
control field OSt
005 - DATE AND TIME OF LATEST TRANSACTION
control field 20260204212323.0
008 - FIXED-LENGTH DATA ELEMENTS--GENERAL INFORMATION
fixed length control field 150629s1950||||ag ||||||b||||||||||spa||
082 ## - DEWEY DECIMAL CLASSIFICATION NUMBER
Classification number R340.56 J791d
100 ## - ASIENTO PRINCIPAL -- NOMBRE PERSONAL
Personal name Josserand, Louis
245 ## - TÍTULO PROPIAMENTE DICHO: SUBTÍTULO
Title Derecho civil / Lois Josserand
264 ## - PRODUCTION, PUBLICATION, DISTRIBUTION, MANUFACTURE, AND COPYRIGHT NOTICE
Place of production, publication, distribution, manufacture Argentina : Editores
300 ## - PHYSICAL DESCRIPTION
Extensión 469 p.
505 ## - NOTA DE CONTENIDO
Formatted contents note Tomo III, vol. e, 2, Tomo I. v. III
650 ## - ASIENTO SECUNDARIO DE MATERIA -- TERMINO TEMÁTICO
Termino Temático Como Elemento de Entrada DERECHO CIVILÌ
942 ## - ADDED ENTRY ELEMENTS (KOHA)
Source of classification or shelving scheme Dewey Decimal Classification
Koha item type Libros
Existencias
Withdrawn status Lost status Source of classification or shelving scheme Damaged status Not for loan Current library Date acquired Total Checkouts Full call number Barcode Date last seen Price effective from Koha item type Collection code Home library Shelving location Serial Enumeration / chronology Inventory number Copy number
    Dewey Decimal Classification     Biblioteca UTECO 09/09/2019   R340.56 J791D 017382 09/09/2019 09/09/2019 Libros            
    Dewey Decimal Classification     Biblioteca UTECO 09/09/2019   R340.56 J791D 017383 09/09/2019 09/09/2019 Libros            
    Dewey Decimal Classification     Biblioteca UTECO 09/09/2019   R340.56 J791D 017384 09/09/2019 09/09/2019 Libros            
    Dewey Decimal Classification     Biblioteca UTECO 01/27/2025   R340.56 J791d 023257 01/27/2025 01/27/2025 Libros Colección de Referencia   En Estantería Tomo III, vol.III 023257 Ej.1
    Dewey Decimal Classification     Biblioteca UTECO 01/27/2025   R340.56 J791d 023255 01/27/2025 01/27/2025 Libros       Tomo III, Vol. I 023255 Ej.1
    Dewey Decimal Classification     Biblioteca UTECO 01/27/2025   R340.56 J791d 023254 01/27/2025 01/27/2025 Libros Colección de Referencia   En Estantería Tomo II, vol.II 023254 Ej.1
    Dewey Decimal Classification     Biblioteca UTECO 01/27/2025   R340.56 J791d 023256 01/27/2025 01/27/2025 Libros Colección de Referencia   En Estantería Tomo III, Vol.II 023256 Ej.1
    Dewey Decimal Classification     Biblioteca UTECO 01/27/2025   R340.56 J791d 023253 01/27/2025 01/27/2025 Libros Colección de Referencia   En Estantería Tomo II, vol I 023253 Ej.1
    Dewey Decimal Classification     Biblioteca UTECO 01/27/2025   R340.56 J791d 023252 01/27/2025 01/27/2025 Libros Colección de Referencia   En Estantería Tomo I, Vol III 023252 Ej.1
    Dewey Decimal Classification     Biblioteca UTECO 01/27/2025   R340.56 J791d 023251 01/27/2025 01/27/2025 Libros Colección de Referencia   En Estantería Tomo I, vol. II 023251 Ej.1
    Dewey Decimal Classification     Biblioteca UTECO 01/27/2025   R340.56 J791d 023250 01/27/2025 01/27/2025 Libros Colección de Referencia   En Estantería Tomo I, Vol. I 023250 Ej.1
© 2021 Derechos Reservados UTECO - Teléfono: +1 809-585-2291 - Correo electrónico: biblioteca@uteco.edu.do​  
Código postal 43000 ​​
Dirección: Avenida Universitaria No. 100, 
Cotuí, Provincia Sánchez Ramírez, República Dominicana - RNC: 404-00059-6